Library Logo

Pioneer International University Library Catalogue

PUERTO RICANS IN THE CONTINTAL UNITED STATES (Record no. 4604)

MARC details
000 -LEADER
fixed length control field 00268nam a22000977a 4500
005 - DATE AND TIME OF LATEST TRANSACTION
control field 20250901165457.0
008 - FIXED-LENGTH DATA ELEMENTS--GENERAL INFORMATION
fixed length control field 210409b ||||| |||| 00| 0 eng d
050 ## - LIBRARY OF CONGRESS CALL NUMBER
Classification number E184 .B84 1976
245 ## - TITLE STATEMENT
Title PUERTO RICANS IN THE CONTINTAL UNITED STATES
Remainder of title AN UNCERTAIN FUTURE
942 ## - ADDED ENTRY ELEMENTS (KOHA)
Source of classification or shelving scheme Library of Congress Classification
Holdings
Withdrawn status Lost status Source of classification or shelving scheme Damaged status Not for loan Home library Current library Shelving location Date acquired Total checkouts Full call number Barcode Date last seen Price effective from Koha item type
    Library of Congress Classification     Main Library Main Library   04/09/2021   E184 .B84 1976 PIU0009282 04/09/2021 04/09/2021 Books